000 00535nam a2200193Ia 4500
005 20250923144346.0
008 008 250917s9999 xx 000 0 eng d
037 _aTextual
040 _aDSWL
_beng
_cDSWL
041 _aeng
_2eng
084 _aX, H8
_qDSWL
100 _aLogan, H.A.
_9824074
245 0 _aSocial approach to economics
_cby H.A. Logan
260 _aToronto
_bUniv of Toronto Press
_c1948
300 _a758 p.
700 _aM.K. Inman
_9824075
942 _cTEXL
_hX, H8
999 _c1437879
_d1437879